|
|
|
|
| LEADER |
01012nam a2200277 a 4500 |
| 001 |
3141 |
| 003 |
BD-DhAAL |
| 005 |
20150918204022.0 |
| 008 |
940204s1994 caua f 000 0 eng |
| 010 |
|
|
|a 93074768
|
| 020 |
|
|
|a 0749416580
|
| 020 |
|
|
|a 1883553520 :
|c $12.95 ($15.95 Canada)
|
| 040 |
|
|
|a DLC
|c DLC
|d DLC
|d BD-DhAAL
|
| 050 |
0 |
0 |
|a HD57.7
|b .K44 1994
|
| 082 |
0 |
0 |
|a 658.4/092
|2 20
|
| 100 |
1 |
|
|a Kehoe, Kevin R.
|9 14808
|
| 245 |
1 |
0 |
|a Expanding leadership impact :
|b a practical guide to managing people and processes /
|c Kevin R. Kehoe.
|
| 260 |
|
|
|a Irvine, Calif. :
|a London:
|b R. Chang Associates,
|b Kogan Page,
|c 1995.
|
| 300 |
|
|
|a vii, 98 p. :
|b ill. ;
|c 25 cm.
|
| 490 |
|
|
|a Management skills series
|
| 490 |
|
|
|a A Practical guidebook
|
| 541 |
|
|
|e 3141
|
| 650 |
|
0 |
|a Leadership
|x Handbooks, manuals, etc.
|9 14809
|
| 942 |
|
|
|2 ddc
|c BK
|
| 999 |
|
|
|c 35598
|d 35598
|
| 952 |
|
|
|0 0
|1 0
|2 ddc
|4 0
|6 658_400000000000000_092_KEV
|7 0
|9 55982
|a SCL
|b SCL
|c GEN
|d 2015-09-18
|l 0
|o 658.4092 KEV
|p 3020003141
|r 2015-09-18
|t 1
|w 2015-09-18
|y BK
|